LEADER 01502nam a2200277 u 4500 001 000000021504 003 CaOOAMICUS 005 20070226111023.0 008 950325s1908 gw u000 u ger u 035 $a10533256 040 $aPUL(R)$bita$dBAV-R2 041 0 $ager$alat 100 1 $aLappe, Joseph.$0(OLS)http://pul/name/18474 245 10$aNicolaus von Autrecourt :$bsein Leben, seine Philosophie, seine Schriften /$cvon Joseph Lappe. 260 $aMünster :$bAschendorff,$c1908. 300 $a31, 48* p. ;$c24 cm 490 1 $aBeiträge zur Geschichte der Philosophie des Mittelalters.$aTexte und Untersuchungen ;$vBd. 6, Hft. 2 500 $aTexte: Prima epistola ad Bernardum; Epistola magistri Nicolai de Autricort ad Bernardum; Epistola Egidii ad Nicolaum; Excerpte aus dem Briefe des Nicolaus an Egidius. 600 04$aNicolaus de Autricuria,$dca. 1300-ca. 1350.$0(OLS)http://pul/subject/13802 700 0 $aNicolaus de Autricuria,$dca. 1300-ca. 1350.$0(OLS)http://pul/name/18475 830 0$aBeiträge zur Geschichte der Philosophie des Mittelalters.$pTexte und Untersuchungen ;$vBd. 6, Hft. 2.$0(OLS)http://pul/title/1793 850 $aPUL 852 $aPUL$W1$xDP2 Religione 2$y113$mTheol A2 6$j26055$nBK-PRI$qStampati altre collocazioni$B30187$CPULBib$Z2$F30187 $82 941 1 $a10 996 $6245$aNicolaus von Autrecourt :$bsein Leben, seine Philosophie, seine Schriften$9(OLS)http://pul/title/30104 996 $6260$aMünster :$bAschendorff$9(OLS)http://pul/publisher/48290 LEADER 01698nam a2200349 a 4500 001 000000134102 003 CaOOAMICUS 005 20130528144527.0 008 130528s1998 it u000 u ita r 020 $a88-24-50548-1 040 $aPUL$bita 041 1 $aita$heng 100 1 $aMoore, Barrington,$d1913-$0(OLS)http://pul/name/39412 240 10$aSocial origins of dictatorship and democracy.$lItaliano.$0(OLS)http://pul/title/169535 245 13$aLe origini sociali della dittatura e della democrazia :$bproprietari e contadini nella formazione del mondo moderno /$cBarrington Moore jr. ; a cura di Domenico Settembrini ; presentazione di Luciano Gallino. 260 $aTorino :$bEdizioni di Comunità,$c©1998. 300 $aXXVIII, 620 p. ;$c22 cm 490 1 $aBiblioteca di comunità ;$v02 500 $aContiene indici. 504 $aBibliografia in nota. 650 4$aDittatura.$0(OLS)http://pul/subject/25749 650 4$aDemocrazia.$0(OLS)http://pul/subject/11947 700 1 $aSettembrini, Domenico.$0(OLS)http://pul/name/7076 700 1 $aGallino, Luciano.$0(OLS)http://pul/name/4303 830 0$aBiblioteca di comunità ;$v02.$0(OLS)http://pul/title/99768 850 $aPUL 852 $aPUL$W1$xDP1 Fondo E. Rossi$y115$m1 M 86$j154178$qFondi$B153731$CPULBib$Z2$F153731 $82 941 1 $a1 961 $aSul dorso collocazione ms. di E. Rossi: M 73 2 996 $6020$a88-24-50548-1$9(OLS)http://pul/number/152856 996 $6245$aLe origini sociali della dittatura e della democrazia :$bproprietari e contadini nella formazione del mondo moderno$9(OLS)http://pul/title/169536 996 $6260$aTorino :$bEdizioni di Comunità$9(OLS)http://pul/publisher/74649